| 000 | 01144nam a22002297a 4500 | ||
|---|---|---|---|
| 005 | 20131031135638.0 | ||
| 010 | _aB-511118-163 | ||
| 020 |
_c150.00 _a8175735880 |
||
| 035 | _aB-511118-163 | ||
| 037 | _bयू.बी.एच. | ||
| 082 | 1 | 4 | _aक |
| 245 | 1 |
_aमेरी प्रिय नैतिक कहानियाँ _cश्याम दूआ द्वारा सम्पादित |
|
| 260 |
_aनोएडा यू.पी _bटिनी टाँट पब्लिकेशन्स _c2012 |
||
| 270 |
_aएच- 37, सेक्टर-63 _bनोएडा यू.पी _e201301 _k9310163582, 0120-4570157 |
||
| 300 |
_a144पृ _bसचित्र _c23सेमी (सजिल्द) |
||
| 650 | _aबाल कहानियाँ | ||
| 650 | _aकहानियाँ | ||
| 650 | _aChildren Storys | ||
| 700 | _aश्याम दुआ | ||
| 942 |
_adpl _cCH _2ddc _hक _mमेरीप्रि |
||
| 999 |
_c80488 _d80488 |
||